00551nam a2200157Ia 4500008004100000020001800041041000800059082001000067100002400077245005100101260004200152300000800194906001300202999001700215952016100232221201s9999 xx 000 0 und d a9780471777519 aeng a720.4 aDuany A Tr.9106027 aSustainable Urbanism Urban Design With Nature. aNew York.bJohn Willy And Sons c2008 a304 b5002.569 c83595d83595 001040708Book M arch LAaBNCAbBNCAd2022-11-14eScientific Bookg5002.57o711.5 DUApBNCA-BK-12050r2022-12-01 00:00:00v7696.26w2022-12-01yRFzB12050